00734nam a2200217 a 450000100100000000500170001000800410002704000250006808200180009310000320011124500700014326000440021330000270025750000760028450400320036065000120039265000440040465000210044865000280046965000190049700000608420260217123010.0090826s1999 dr 000 0 spa d aDO-SdBNPbspacBNPHU a363.45bC117h1 aCabral E., José A.d1955-10aHistoria del tráfico y consumo de drogas /cJosé A. Cabral E. aSanto Domingo :bEditora Gladys,c1999. a224 p. :bil ;c21 cm. aIncluye datos biográficos del autor en la solapa de la contracubierta aBibliografía : p. 219-223 0aDrogas  4aDrogasxAbastecimiento y distribución 4aDrogasxComercio 4aUtilización de drogas 0aDrogadicción